000 01118nam a2200277Ia 4500
003 OSt
005 20221005105701.0
006 a|||||r|||| 00| 0
007 ta
008 221004b |||||||| |||| 00| 0 hin d
020 _a9788181436337
_c200
024 _a21447
037 _bCBS/249, 28/01/2015, Classic Book Service
_cTextual
040 _aCRL
_cCRL
_bhin
041 _2hin
_ahin
082 _aV255g1N.P1, 152P7
100 _aमहाश्वेता देवी, संपा.
245 0 _aसिंगुर और नन्दीग्राम से निकले सवाल
246 _aSiangur aur nandīgrām se nikale savāla
260 _aनई दिल्ली
_bवाणी प्रकाशन भारत
_c2007
300 _a152पृ0
_ccm.
490 _aविकल्प विमर्श श्रृंखला; 1
650 _aविश्व-इतिहास
942 _hV255g1N.P1, 152P7
_cTEXL
_2cc
999 _c1016566
_d1016566